000 00640nam a2200277Ia 4500
001 Z_4933
003 CHAP
008 220113s2003 xx 000 0 und d
010 _a167988
040 _cCHAP
082 _a636.59 B8
100 _aBuxadé Carbó, Carlos
_916475
245 _aProducción del avestruz : aspectos claves /
_cpor Carlos Buxadé Carbó
260 _aBarcelona :
_bMundi-Prensa,
_c2003
300 _a798 p. ; ilus.
440 _a
500 _a
503 _a219388
650 _aAvestruz
_98693
901 _a636.59 B8
902 _aA
910 _a2003
942 _c1
942 _cc1
999 _c167988
_d167988